000 00569nam a2200205 a 4500
001 686951
005 20231116234952.0
008 951102s1995 ii b 101 0 eng
020 _a818521896X
040 _aDLC
_cDLC
082 0 0 _a823.009/954
_220
245 0 0 _aFeminism and literature /
_cedited by Veena Noble Dass.
260 _aNew Delhi :
_bPrestige,
_c1995.
300 _a240 p. ;
500 _a"Women's studies/Feminism series"--Jacket.
650 0 _aIndic fiction (English)
650 0 _aWomen in literature
700 1 _aDass, Veena Noble.
_eedt
942 _cL
999 _c19
_d19